| 000 | 00484nam a22001817a 4500 | ||
|---|---|---|---|
| 001 | 00028492 | ||
| 005 | 20260307085712.0 | ||
| 008 | 260307b ag ||||| |||| 00| 0 spa d | ||
| 040 |
_bspa _cAR-CcCEOS |
||
| 080 | _a299.513 | ||
| 090 | _bAGU | ||
| 100 | 1 |
_aAguilera, Ricardo _9807 |
|
| 245 |
_a500 celadas y combinaciones en las aperturas / _cRicardo Aguilera |
||
| 250 | _a1a ed. | ||
| 260 |
_aMadrid : _bCastilla, _cc1972. |
||
| 300 |
_a499 p. ; _c24x15 cm. |
||
| 942 |
_2udc _cBK |
||
| 999 |
_c28521 _d28521 |
||
| 945 |
_a66467 _bMelina Rolando _c66467 _dMelina Rolando |
||